Phonetic Alphabet Quiz - Statistics

General Stats
  • This quiz has been taken 189 times
  • The average score is 18 of 26
Answer Stats
Letter Word % Correct
A Alpha
99%
D Delta
91%
B Bravo
87%
C Charlie
87%
F Foxtrot
85%
E Echo
82%
I India
77%
H Hotel
75%
L Lima
74%
T Tango
72%
Z Zulu
71%
X Xray
70%
N November
68%
R Romeo
67%
G Golf
66%
K Kilo
66%
O Oscar
64%
Q Quebec
64%
Y Yankee
63%
S Sierra
60%
M Mike
59%
P Papa
58%
V Victor
56%
W Whiskey
56%
J Juliett
55%
U Uniform
53%
No matching quizzes found
Score Distribution
Percent of People with Each Score
Percentile by Number Answered
Your Score History
You have not taken this quiz